Autokennzeichen A-Z - Statistiken

Allgemein
  • Dieses Quiz wurde 254 mal gespielt
  • Das Durchschnittsergebnis liegt bei 12 aus 24
Antwortstatistiken
Kennzeichen Antwort % Korrekt
A Augsburg
91%
E Essen
89%
J Jena
85%
BAD Baden-Baden
76%
CE Celle
76%
UL Ulm
74%
G Gera
63%
HD Heidelberg
63%
OB Oberhausen
61%
PF Pforzheim
59%
NE Neuss
52%
RE Recklinghausen
52%
VEC Vechta
52%
LB Ludwigsburg
36%
WO Worms
36%
TS Traunstein
31%
QFT Querfurt
29%
FN Friedrichshafen
25%
DAU Daun
24%
KE Kempten
24%
IK Ilm-Kreis
18%
ZE Zerbst
16%
Mühldorf
15%
SCZ Schleiz
10%
Keine übereinstimmenden Quizze gefunden
Verteilung der Resultate
Anzahl Personen mit jedem Resultat
Perzentil nach korrekt beantworteten Fragen
Ihre Resultats-Entwicklung
Sie haben dieses Quiz noch nicht gespielt